00240nam a2200097Ia 4500008004100000041001200041100002100053245005600074260000600130650000600136221030s9999 xx 000 0 und d aEnglish aM. M. S. Rauthan 0aExpert DataStructures with C++cby M. M. S. Rauthan c0 aB